Η Σάμος απο τα Βυζαντινά χρόνια μέχρι σήμερα : πρακτικά συνεδρίου.
Αποθηκεύτηκε σε:
| Συλλογικό Έργο: | , |
|---|---|
| Μορφή: | Βιβλίο |
| Γλώσσα: | Greek |
| Δημοσίευση: |
Αθήνα :
Πνευματικό ίδρυμα Σάμου "Νικόλαος Δημητρίου",
1998.
|
| Σειρά: | Βιβλιοθήκη επιστημονικών εκδόσεων ;
12 |
| Θέματα: | |
| Ετικέτες: |
Προσθήκη ετικέτας
Δεν υπάρχουν, Καταχωρήστε ετικέτα πρώτοι!
|
MARC
| LEADER | 00000cam a2200000 i 4500 | ||
|---|---|---|---|
| 001 | 1/20905 | ||
| 008 | 010830s1998 gr | ||| |||| ||gre|| | ||
| 020 | |a 9607813022 | ||
| 020 | |a 9607813030 | ||
| 035 | |l 10067208 | ||
| 040 | |a GR-MyUA |b gre |e AACR2 | ||
| 041 | 0 | |a gre | |
| 082 | 0 | |a 938.975 | |
| 245 | 1 | 2 | |a Η Σάμος απο τα Βυζαντινά χρόνια μέχρι σήμερα : |b πρακτικά συνεδρίου. |
| 260 | |a Αθήνα : |b Πνευματικό ίδρυμα Σάμου "Νικόλαος Δημητρίου", |c 1998. | ||
| 300 | |a 2 τ. : |b εικ. ; |c 24 εκ. | ||
| 490 | 1 | |a (Βιβλιοθήκη επιστημονικών εκδόσεων |v ; 12) | |
| 651 | 0 | |a Samos (Greece : Municipality) |x Antiquities. | |
| 651 | 0 | |a Samos (Greece : Municipality) |x History. | |
| 710 | 1 | |a Γενικά Αρχεία Κράτους |b Αρχεία Σάμου. | |
| 710 | 2 | |a Πνευματικό Ιδρυμα Σάμου "Νικόλαος Δημητρίου". | |
| 830 | 0 | |a Βιβλιοθήκη επιστημονικών εκδόσεων ; |v 12 | |
| 852 | |a INST |b SAMOS |e 20010830 |h 938.975 ΣΑΜ |p 005300018885 |q 005300018885 |t BK |y 0 |z τ.2 | ||
| 852 | |a INST |b SAMOS |e 20010830 |h 938.975 ΣΑΜ |p 005300018886 |q 005300018886 |t BK |y 0 |z τ.1 | ||
| 852 | |a INST |b SAMOS |e 20050803 |h 938.975 ΣΑΜ |p 005300025073 |q 005300025073 |t BK |y 0 |z τ.2 | ||
| 852 | |a INST |b SAMOS |e 20050803 |h 938.975 ΣΑΜ |p 005300025074 |q 005300025074 |t BK |y 0 |z τ.1 | ||
| 852 | |a INST |b SAMOS |e 20010830 |h 938.975 ΣΑΜ |p 005300018885 |q 005300018885 |t BK |v τ.2: |y 0 |z τ.2 | ||
| 852 | |a INST |b SAMOS |e 20010830 |h 938.975 ΣΑΜ |p 005300018886 |q 005300018886 |t BK |v τ.1: |y 0 |z τ.1 | ||
| 852 | |a INST |b SAMOS |e 20050803 |h 938.975 ΣΑΜ |p 005300025073 |q 005300025073 |t BK |v τ.2: |y 0 |z τ.2 | ||
| 852 | |a INST |b SAMOS |e 20050803 |h 938.975 ΣΑΜ |p 005300025074 |q 005300025074 |t BK |v τ.1: |y 0 |z τ.1 | ||
| 853 | |a INST |b SAMOS |h 938.975 ΣΑΜ | ||
| 901 | |a BIBL3-2005-2 | ||
| 901 | |a BIBL3-2001-2 | ||
| 909 | |a Σ |b 114601 | ||
| 909 | |a Σ |b 114602 | ||
| 909 | |a Σ |b 079634 | ||
| 909 | |a Σ |b 079635 | ||
| 970 | |a ΜΑΛΑΓΑΡΗ |b ΦΩΤΕΙΝΗ |z 2001/08/30 | ||